| 000 | 00823nam a22001697a 4500 | ||
|---|---|---|---|
| 005 | 20120614122257.0 | ||
| 020 |
_a9789381480182 _c210.00 |
||
| 082 | _a822 | ||
| 100 |
_aपाण्डेय, रमा _949058 |
||
| 245 |
_aबेगम बानो और खातून; _b(सात मंचीय नाटक)/ _cरमा पाण्डेय |
||
| 260 |
_aदिल्ली _bविजया बुक्स _c2012 |
||
| 270 |
_a1/10753, सुभाष पार्क, गली नं.5,नवीन शाहदरा _e110032 _k011-2282514 |
||
| 300 |
_a112 पृ. _c22 सें.मी.(सजिल्द) |
||
| 942 |
_2ddc _cHN _h822 _mपाण्डेय |
||
| 999 |
_c67913 _d67913 |
||